100 drapeaux de territoires indépendantistes - Statistiques

Statistiques générales
  • Ce quiz a été pris 595 fois
    270 depuis la dernière actualisation
  • Le résultat moyen est 35 sur 100
Statistiques - réponses
Par images Réponse % Correct
Corse
91%
Bretagne
90%
Kosovo
88%
Écosse
87%
Groenland
87%
Pays de Galles
87%
Hong Kong
83%
Québec
83%
Palestine
80%
Iles Féroé
79%
La Réunion
76%
Porto Rico
74%
Pays Basque
73%
Ile de Man
72%
Occitanie
72%
Kanaky (Nouvelle-Calédonie)
71%
Guam
68%
Catalogne
66%
Irlande du Nord
64%
Macao
64%
Guadeloupe
62%
Normandie
62%
Martinique
56%
Guyane
55%
Texas
55%
Sahara Occidental
52%
Artsakh (Haut-Karabakh)
50%
Tibet
50%
Transnistrie
50%
Sicile
47%
Aruba
46%
Maohi Nui (Polynésie Française)
46%
Curaçao
45%
Kurdistan
44%
Somaliland
44%
Ile Norfolk
43%
Wallonie
43%
Ile Åland
42%
Abkhazie
41%
Kabylie
41%
Ossétie du Sud Alanie
41%
Bermudes
40%
Flandres
39%
Zanzibar
39%
Iles Canaries
38%
Bonaire
37%
Açores
35%
Alaska
34%
Bavière
33%
Saint Eustache
29%
Alsace
27%
Saba
27%
Anguilla
26%
Galice
26%
Hawaï
26%
Niévès
26%
Rapa Nui (Ile de Pâques)
23%
Crimée
22%
Vénétie
22%
Sealand
21%
Bougainville
20%
Tchétchénie
20%
Laponie
19%
Donetsk
18%
Lugansk
18%
Cornouailles
16%
Mongolie Intérieure
14%
Turkestan Oriental
14%
Assyrie
13%
Acadie
12%
Voïvodine
12%
Darfour
11%
Andalousie
10%
Papouasie Occidentale
10%
Gagaouzie
9%
Jammu et Cachemire
9%
Tatarstan
9%
Ambazonie
8%
Cascadie
7%
Jebel Druze
7%
Tigré
7%
Vermont
7%
Aborigènes d'Australie
6%
Touva
6%
Le Cap
4%
Sibérie
4%
Baloutchistan
3%
Barotseland
3%
Biafra
2%
Casamance
2%
Chiapas
2%
Deseret
2%
Khalistan
2%
Lakota
2%
Mapuches
2%
Mombasa
2%
Togo Occidental
2%
Barbuda
1%
Saint-Martin
1%
Toubou
0%
Aucun quiz correspondant
Distribution des résultats
% des personnes avec chaque résultat
Percentile par nombre de réponses
Votre historique - résultats
Vous n’avez pas pris ce quiz depuis la dernière actualisation